Study of problems, practices of court martial proceedings and power of judcial review in India (Record no. 125314)
[ view plain ]
| 000 -LEADER | |
|---|---|
| fixed length control field | 00417nam a2200145Ia 4500 |
| 008 - FIXED-LENGTH DATA ELEMENTS--GENERAL INFORMATION | |
| fixed length control field | 230917s9999||||xx |||||||||||||| ||und|| |
| 040 ## - CATALOGING SOURCE | |
| -- | 207269 |
| Original cataloging agency | VIVEKANANDA LIBRARY |
| 041 ## - Language | |
| -- | English |
| 082 ## - DDC NUMBER | |
| Classification number | 340 S64S |
| 100 ## - MAIN ENTRY--PERSONAL NAME | |
| Personal name | Ved Pal Singh |
| 245 #0 - TITLE STATEMENT | |
| Title | Study of problems, practices of court martial proceedings and power of judcial review in India |
| 260 ## - PUBLICATION, DISTRIBUTION, ETC. (IMPRINT) | |
| Place of publication, distribution, etc | Rohtak |
| Name of publisher, distributor, etc | M.D.University |
| Date of publication, distribution, etc | 2010 |
| 300 ## - PHYSICAL DESCRIPTION | |
| Pages | 439 p. |
| 942 ## - ADDED ENTRY ELEMENTS (KOHA) | |
| Koha item type | Thesis |
| Withdrawn status | Lost status | Damaged status | Not for loan | Location (home branch) | Sublocation or collection (holding branch) | Date acquired | Koha issues (times borrowed) | Koha full call number | Accession No. | Koha date last seen | Koha item type |
|---|---|---|---|---|---|---|---|---|---|---|---|
| VIVEKANANDA LIBRARY | VIVEKANANDA LIBRARY | 25/06/2013 | 340 S64S | 221247 | 17/09/2023 | Thesis |
